Fr. Conceicao Rodrigues College of Engineering

Workshop calculations (Record no. 25200)

MARC details
000 -LEADER
fixed length control field 00288nam a2200133Ia 4500
082 ## - DEWEY DECIMAL CLASSIFICATION NUMBER
Classification number 570
Item number Cam
100 ## - MAIN ENTRY--PERSONAL NAME
Personal name Camm/ F.J.
245 ## - TITLE STATEMENT
Title Workshop calculations
260 ## - PUBLICATION, DISTRIBUTION, ETC.
Name of publisher, distributor, etc. Taraporevala
Place of publication, distribution, etc. Bombay
Date of publication, distribution, etc. 1960
546 ## - LANGUAGE NOTE
Language note ENGLISH
654 ## - SUBJECT ADDED ENTRY--FACETED TOPICAL TERMS
Focus term Workshop Calculations
942 ## - ADDED ENTRY ELEMENTS (KOHA)
Koha item type BOOK
Holdings
Withdrawn status Lost status Damaged status Not for loan Collection Home library Current library Date acquired Total Checkouts Full call number Barcode Date last seen Price effective from Koha item type
        AFT Fr. Agnel's C.Rodrigues College of Engineering Fr. Agnel's C.Rodrigues College of Engineering 17/03/2023   570 Cam AFT3798 17/03/2023 17/03/2023 BOOK